000 00749nam a2200265Ia 4500
005 20260121165829.0
008 008 260114s9999 xx 000 0 eng d
020 _a9783319403854
037 _aEBOOK
040 _aCRL
040 _beng
040 _cCRL
041 _2eng
041 _aeng
084 _qCRL
100 _aAdrien Bécue, Nora Cuppens-Boulahia, Frédéric Cuppens, Sokratis Katsikas, Costas Lambrinoudakis
_91056560
245 0 _aSecurity of Industrial Control Systems and Cyber Physical Systems
260 _bSpringer
260 _bSpringer
260 _c2016
856 _uhttps://link.springer.com/openurl?genre=book&isbn=978-3-319-40385-4
942 _cEBOOK
999 _c1622288
_d1622288